[Event "BL 8283 Koblenz-Bochum"]
[Site "?"]
[Date "1983.??.??"]
[Round "?.3"]
[White "Bachmann, K."]
[Black "Wolf, V."]
[Result "1/2-1/2"]
[WhiteElo "2295"]
[BlackElo "2245"]
[PlyCount "194"]
[EventDate "1983.??.??"]

1. c4 e6 2. d4 Nf6 3. Nf3 Bb4+ 4. Bd2 a5 5. Nc3 b6 6. e3 Ba6 7. Be2 O-O 8. O-O
d5 9. cxd5 exd5 10. Rc1 Nbd7 11. Bxa6 Rxa6 12. Nb5 c5 13. a3 Bxd2 14. Qxd2 a4
15. Rfd1 Ne4 16. Qc2 c4 17. Nc3 Nxc3 18. bxc3 Qe7 19. Qb2 Rc8 20. Rb1 h6 21.
Qb4 Qe6 22. Re1 f5 23. Nd2 Rc6 24. f3 Nf6 25. Re2 Ra5 26. Rbe1 Qd6 27. Qxd6
Rxd6 28. Rb1 Re6 29. Kf2 Kf7 30. h3 h5 31. h4 b5 32. Kg3 g6 33. Kf4 Ke7 34. Kg5
Kd6 35. Rbe1 Nh7+ 36. Kf4 Nf6 37. Nf1 Ra8 38. Rb2 Kc6 39. Reb1 Rb8 40. Kg3 Ne8
41. Re2 Nd6 42. Nd2 Rbe8 43. Rbe1 R8e7 44. Kf4 Re8 45. Rb1 R8e7 46. Rg1 Rf7 47.
Rh1 Re8 48. Rhe1 Re6 49. Rh1 Re8 50. Rf1 Re6 51. Rc1 Rfe7 52. Rce1 Rf7 53. Nf1
Rf8 54. Ng3 Rf7 55. Nh1 Rff6 56. Nf2 Re8 57. Nh3 Re7 58. Kg3 Rf8 59. Kf2 Nc8
60. Nf4 Rf6 61. Rh1 Rh7 62. Rh3 Rh8 63. Rg3 Ne7 64. Re1 Ra8 65. Rg5 Ra6 66. Ke2
Ra7 67. Kd2 Ra8 68. Rh1 Ra7 69. Rg1 Rd7 70. Re1 Rd8 71. g3 Rb8 72. e4 dxe4 73.
fxe4 fxe4 74. Rxe4 Rb7 75. Ree5 Rd6 76. Rc5+ Kd7 77. Rxb5 Rxb5 78. Rxb5 Nf5 79.
Nxg6 Rxg6 80. Rxf5 Rxg3 81. Rc5 Rg2+ 82. Kd1 Kd6 83. Ke1 Rc2 84. Rxc4 Kd5 85.
Rc5+ Ke4 86. d5 Ke3 87. Kd1 Rh2 88. c4 Rxh4 89. Kc2 Kd4 90. Rc6 Rh2+ 91. Kd1 h4
92. Ke1 h3 93. Rh6 Kxc4 94. d6 Rh1+ 95. Ke2 Rh2+ 96. Ke3 Rh1 97. Ke2 Rh2+
1/2-1/2

[Event "BL 8283 Koblenz-Bochum"]
[Site "?"]
[Date "1983.??.??"]
[Round "?.4"]
[White "Trauth, M."]
[Black "Wittmann, R."]
[Result "1-0"]
[WhiteElo "2235"]
[BlackElo "2325"]
[PlyCount "103"]
[EventDate "1983.??.??"]

1. Nf3 g6 2. c4 Bg7 3. g3 d6 4. Bg2 e5 5. Nc3 f5 6. d3 Nf6 7. O-O O-O 8. Rb1 h6
9. c5 Nc6 10. b4 Be6 11. b5 Ne7 12. Ba3 g5 13. Qc2 Ng6 14. Rfd1 Rf7 15. d4 e4
16. d5 Bc8 17. Nd4 Qe7 18. Ne6 Bh8 19. b6 axb6 20. cxd6 cxd6 21. Nb5 Ne8 22.
Nec7 Nxc7 23. Bxd6 Qd7 24. Nxc7 Ra5 25. Rxb6 Rf6 26. Ne6 Qe8 27. Bb4 Ra4 28.
Bc3 Rc4 29. Rd4 Rxd4 30. Bxd4 Rxe6 31. Rxe6 Bxe6 32. Bxh8 Nxh8 33. dxe6 Qxe6
34. g4 fxg4 35. Bxe4 Nf7 36. Bxb7 Nd6 37. Bc6 Qf6 38. Bd5+ Kg7 39. Qc7+ Kg6 40.
Qd7 Kh5 41. h3 gxh3 42. Qxh3+ Kg6 43. Qe6 Qxe6 44. Bxe6 Nb5 45. Bc4 Na3 46.
Bd3+ Kf6 47. Kg2 Ke5 48. e3 h5 49. Kg3 Kf6 50. f4 gxf4+ 51. exf4 Kg7 52. Kh4
1-0

[Event "BL 8283 Koblenz-Bochum"]
[Site "?"]
[Date "1983.??.??"]
[Round "?.7"]
[White "Ackermann, H."]
[Black "Koerholz, L."]
[Result "1-0"]
[WhiteElo "2255"]
[BlackElo "2220"]
[PlyCount "105"]
[EventDate "1983.??.??"]

1. e4 c5 2. Nf3 Nc6 3. Bb5 d6 4. O-O Bd7 5. c3 Nf6 6. Re1 a6 7. Bf1 e5 8. h3
Be7 9. d4 cxd4 10. cxd4 Rc8 11. Na3 O-O 12. d5 Nb8 13. Bd2 b5 14. Bc3 Qb6 15.
Qd2 Bd8 16. Nc2 a5 17. b4 Qc7 18. Re3 Nxe4 19. Rxe4 Qxc3 20. Qxc3 Rxc3 21. Nce1
f5 22. Re2 axb4 23. Rb1 Na6 24. Rc2 Rxc2 25. Nxc2 Ba5 26. a3 Rc8 27. Nxb4 Nxb4
28. axb4 Bb6 29. Be2 Rc2 30. Kf1 e4 31. Ne1 Rd2 32. Ra1 Rxd5 33. Ra6 Bd4 34.
Bd1 Be6 35. f4 Bc3 36. Bb3 Bxb4 37. g4 fxg4 38. hxg4 g5 39. Ra8+ Kg7 40. Ra7+
Kf6 41. Rxh7 gxf4 42. Rh6+ Ke5 43. g5 e3 44. Rxe6+ Kxe6 45. Nd3 Kf5 46. Bxd5
Kxg5 47. Nxb4 Kf5 48. Nd3 Kg5 49. Ke2 Kg4 50. Bc6 Kg3 51. Bf3 b4 52. Nxb4 Kh4
53. Nd3 1-0

[Event "BL 8283 Frankfurt-München 36"]
[Site "?"]
[Date "1983.??.??"]
[Round "?.1"]
[White "Unzicker, W."]
[Black "Sosonko, G."]
[Result "1/2-1/2"]
[WhiteElo "2465"]
[BlackElo "2575"]
[PlyCount "22"]
[EventDate "1983.??.??"]

1. e4 e5 2. Nf3 Nc6 3. Bb5 g6 4. d4 exd4 5. Bg5 Be7 6. Bxe7 Ngxe7 7. Nxd4 d5 8.
Nc3 dxe4 9. Nxe4 O-O 10. Bxc6 Nxc6 11. Nxc6 bxc6 1/2-1/2

[Event "BL 8283 Frankfurt-München 36"]
[Site "?"]
[Date "1983.??.??"]
[Round "?.3"]
[White "Bastian, H."]
[Black "Podzielny, K."]
[Result "0-1"]
[WhiteElo "2360"]
[BlackElo "2405"]
[PlyCount "94"]
[EventDate "1983.??.??"]

1. e4 c5 2. Nc3 Nc6 3. g3 e6 4. Bg2 Nf6 5. Nge2 d5 6. exd5 exd5 7. Nf4 Bg4 8.
f3 Bf5 9. O-O Be7 10. g4 Bg6 11. g5 d4 12. gxf6 dxc3 13. fxe7 Qd4+ 14. Kh1 Qxf4
15. dxc3 Qf6 16. Re1 Nxe7 17. Qe2 O-O-O 18. Be3 Nc6 19. Bxc5 Rd5 20. Be3 Re8
21. Qf2 Red8 22. Qg3 h6 23. Bh3+ Bf5 24. Bxf5+ Rxf5 25. Kg2 Ne5 26. Bd4 Rg5 27.
Rxe5 Rxg3+ 28. hxg3 Qg6 29. Rae1 Qxc2+ 30. R1e2 Qg6 31. a4 f6 32. Re7 h5 33.
Bxa7 h4 34. g4 Qd3 35. R7e3 Qd6 36. Bd4 h3+ 37. Kh1 Qf4 38. a5 g6 39. Rd3 Qg3
40. Rde3 f5 41. gxf5 gxf5 42. f4 Qxf4 43. Re7 Qf3+ 44. Kh2 f4 45. b4 Qg3+ 46.
Kh1 f3 47. Rh2 Rxd4 0-1

[Event "BL 8283 Kettig-Bayern"]
[Site "?"]
[Date "1983.??.??"]
[Round "?.1"]
[White "Pfleger, He"]
[Black "Weidemann, J."]
[Result "1-0"]
[WhiteElo "2505"]
[BlackElo "2285"]
[PlyCount "91"]
[EventDate "1983.??.??"]

1. d4 d5 2. c4 e6 3. Nc3 Nf6 4. Bg5 c5 5. e3 cxd4 6. exd4 Be7 7. Nf3 O-O 8. Bd3
dxc4 9. Bxc4 Nc6 10. O-O b6 11. a3 Bb7 12. Qd3 Nd5 13. Bxd5 Bxg5 14. Be4 g6 15.
d5 exd5 16. Bxd5 Bf6 17. Rad1 Rc8 18. Qb1 Qd7 19. Ne4 Qf5 20. Qa2 Be7 21. Rfe1
Rfd8 22. Ng3 Qf6 23. h4 Rc7 24. Ng5 Bf8 25. N3e4 Qf5 26. Bxf7+ Rxf7 27. Nxf7
Qxf7 28. Qxf7+ Kxf7 29. Ng5+ Kg8 30. Rxd8 Nxd8 31. Re8 h6 32. Nh7 Ne6 33. Nxf8
Nxf8 34. Re7 Bc6 35. Rxa7 Nd7 36. Rc7 Bb5 37. b3 Nc5 38. a4 Nxa4 39. bxa4 Bxa4
40. Rb7 b5 41. f3 h5 42. Kf2 Kf8 43. Ke3 Ke8 44. Kd4 Kd8 45. Kc5 Kc8 46. Rg7
1-0

[Event "BL 8283 Kettig-Bayern"]
[Site "?"]
[Date "1983.??.??"]
[Round "?.5"]
[White "Westermeier, A."]
[Black "Sandmeier, T."]
[Result "1-0"]
[WhiteElo "2305"]
[BlackElo "2250"]
[PlyCount "98"]
[EventDate "1983.??.??"]

1. e4 e5 2. Nc3 Nf6 3. f4 d6 4. Nf3 Bg4 5. Bc4 Nc6 6. d3 Be7 7. O-O O-O 8. h3
Bxf3 9. Qxf3 Nd4 10. Qf2 c6 11. Be3 b5 12. Bb3 a5 13. a4 Nxb3 14. cxb3 b4 15.
Ne2 Nd7 16. Rac1 Rc8 17. Qf3 Bf6 18. d4 exd4 19. Nxd4 Bxd4 20. Bxd4 c5 21. Bf2
f5 22. Rcd1 Qe7 23. exf5 Rxf5 24. Qd3 Rxf4 25. Qxd6 Qxd6 26. Rxd6 Nf6 27. Rfd1
c4 28. Rd8+ Rxd8 29. Rxd8+ Kf7 30. bxc4 Rxc4 31. Ra8 Ne4 32. Bb6 Rc1+ 33. Kh2
h5 34. Rxa5 h4 35. Rf5+ Ke6 36. Rf4 Ke5 37. Rxh4 Rc2 38. b3 Rc3 39. Rh8 Rxb3
40. Bc7+ Kf5 41. Rb8 Rb1 42. Rb5+ Kg6 43. a5 b3 44. Be5 Rc1 45. a6 Rc6 46. a7
Ra6 47. Rb6+ Rxb6 48. a8=Q Kf5 49. Bb2 Nd6 1-0

[Event "BL 8283 München 36-Kettig"]
[Site "?"]
[Date "1983.??.??"]
[Round "?.1"]
[White "Weidemann, J."]
[Black "Unzicker, W."]
[Result "0-1"]
[WhiteElo "2285"]
[BlackElo "2465"]
[PlyCount "164"]
[EventDate "1983.??.??"]

1. e4 e5 2. Nc3 Nf6 3. g3 d5 4. exd5 Nxd5 5. Bg2 Nxc3 6. bxc3 Bd6 7. Rb1 c6 8.
Ne2 O-O 9. O-O Nd7 10. d3 Qc7 11. c4 Nc5 12. f4 Bg4 13. f5 Qd7 14. f6 gxf6 15.
Qd2 Be7 16. Bb2 Kh8 17. Rbe1 Rg8 18. d4 Ne6 19. c3 Rae8 20. Kh1 Bd8 21. Ng1 Ng5
22. Qf2 Be6 23. dxe5 Bxc4 24. Rd1 Qc7 25. Rfe1 Rxe5 26. Rd4 Rxe1 27. Qxe1 Bd5
28. c4 Bxg2+ 29. Kxg2 Ne6 30. Rh4 Rg6 31. Nf3 Kg8 32. Nd4 Qa5 33. Qxa5 Bxa5 34.
Nf5 Bd8 35. Bc1 Ng7 36. Nh6+ Kf8 37. Rd4 Ke7 38. Ba3+ Ke8 39. Nxf7 Kxf7 40.
Rxd8 Rg4 41. Rd7+ Kg6 42. Bc5 Rxc4 43. Bxa7 b5 44. Rd2 Ne6 45. h3 h5 46. Bb6 c5
47. Rd6 Re4 48. Rd5 Re2+ 49. Kf1 Re5 50. Rd2 Rf5+ 51. Kg2 c4 52. Rd6 Re5 53.
Rc6 Ng5 54. a4 bxa4 55. Rxc4 Re2+ 56. Kf1 Re4 57. Rc8 Nxh3 58. Ra8 Ng5 59. Ba5
Rc4 60. Ra6 Kf5 61. Ke2 Re4+ 62. Kd3 Rg4 63. Be1 Nf3 64. Bf2 Ne5+ 65. Kc3 Rc4+
66. Kd2 Rb4 67. Bc5 Rb2+ 68. Kd1 Rb3 69. Be7 Ng4 70. Bd6 Ne3+ 71. Kc1 Nc4 72.
Be7 Rxg3 73. Rxa4 Rc3+ 74. Kb1 Kg6 75. Ra6 Rf3 76. Kc2 h4 77. Ra4 Ne3+ 78. Kd2
h3 79. Ke2 h2 80. Rh4 Nf5 81. Rxh2 Re3+ 82. Kf2 Rxe7 0-1

[Event "BL 8283 Bayern-Frankfurt"]
[Site "?"]
[Date "1983.??.??"]
[Round "?.2"]
[White "Kindermann, S."]
[Black "Lobron, E."]
[Result "0-1"]
[WhiteElo "2465"]
[BlackElo "2470"]
[PlyCount "100"]
[EventDate "1983.??.??"]

1. e4 c5 2. Nf3 e6 3. d4 cxd4 4. Nxd4 a6 5. Bd3 Bc5 6. Nb3 Ba7 7. Qe2 Nc6 8.
Be3 Bxe3 9. Qxe3 d6 10. Nc3 Nf6 11. O-O-O Qc7 12. f4 O-O 13. Qh3 b5 14. g4 g6
15. g5 Nh5 16. Qe3 b4 17. Ne2 a5 18. Kb1 a4 19. Nbd4 Qa7 20. Bb5 Ne7 21. Qd2
Qc5 22. c4 Bb7 23. Qd3 e5 24. Nf3 exf4 25. Rhe1 a3 26. b3 f5 27. gxf6 Nxf6 28.
Ned4 Qh5 29. Ne6 Rf7 30. Neg5 Raf8 31. Nxf7 Rxf7 32. e5 dxe5 33. Qd8+ Kg7 34.
Nxe5 Be4+ 35. Nd3 Qe5 36. Rxe4 Qxe4 37. Re1 Qf3 38. Nxb4 Qc3 39. Nd3 Nf5 40.
Rc1 Qd2 41. Rc2 Qe3 42. Nc1 Nd4 43. Rg2 Qe4+ 44. Ka1 Nxb5 45. cxb5 Qxg2 46. Qd4
Qe4 47. Qd2 Qe5+ 48. Kb1 Rd7 49. Qc2 Rc7 50. Qd3 Qb2# 0-1

[Event "BL 8283 Bayern-Frankfurt"]
[Site "?"]
[Date "1983.??.??"]
[Round "?.4"]
[White "Klundt, K."]
[Black "Werner, D."]
[Result "1-0"]
[WhiteElo "2380"]
[BlackElo "2340"]
[PlyCount "69"]
[EventDate "1983.??.??"]

1. e4 Nf6 2. e5 Nd5 3. d4 d6 4. Be2 dxe5 5. dxe5 Nc6 6. Nf3 Bg4 7. c3 Qd7 8.
O-O O-O-O 9. Re1 e6 10. Bb5 Bc5 11. Nbd2 a6 12. Qa4 Bh5 13. Bxc6 Qxc6 14. Qxc6
bxc6 15. Nb3 Bb6 16. Nfd4 Kb7 17. Bg5 Rd7 18. Ne2 h6 19. Bd2 Rhd8 20. Ng3 Bg6
21. c4 Ne7 22. Bb4 Bc2 23. Ne4 Bxb3 24. axb3 Bd4 25. Bc3 Kb6 26. b4 c5 27.
bxc5+ Kb7 28. b4 Bxc3 29. Nxc3 Rd4 30. b5 Rxc4 31. c6+ Kb8 32. Rxa6 Nc8 33. Na4
Rd5 34. Ra1 Rxb5 35. Ra8+ 1-0

[Event "BL 8283 Bayern-Frankfurt"]
[Site "?"]
[Date "1983.??.??"]
[Round "?.5"]
[White "Haakert, J."]
[Black "Westermeier, A."]
[Result "1/2-1/2"]
[WhiteElo "2305"]
[BlackElo "2305"]
[PlyCount "28"]
[EventDate "1983.??.??"]

1. Nf3 Nf6 2. g3 d5 3. Bg2 e6 4. O-O Be7 5. d3 O-O 6. Nbd2 c5 7. e4 Nc6 8. Re1
Kh8 9. c3 Bd7 10. Nf1 b5 11. exd5 Nxd5 12. Ne3 Nxe3 13. Bxe3 Rc8 14. d4 cxd4
1/2-1/2

[Event "BL 8283 Bayern-Frankfurt"]
[Site "?"]
[Date "1983.??.??"]
[Round "?.6"]
[White "Saacke, B."]
[Black "Bialas, W."]
[Result "1/2-1/2"]
[WhiteElo "2380"]
[BlackElo "2345"]
[PlyCount "81"]
[EventDate "1983.??.??"]

1. d4 d5 2. c4 dxc4 3. e4 c5 4. d5 Nf6 5. Nc3 e6 6. Bxc4 exd5 7. exd5 a6 8. a4
Bd6 9. Qe2+ Be7 10. h3 O-O 11. Nf3 Bd6 12. O-O Re8 13. Qd3 Nbd7 14. Be3 Qe7 15.
Rae1 Ne5 16. Nxe5 Qxe5 17. f4 Qe7 18. Bf2 Qf8 19. Rxe8 Nxe8 20. Ne4 Bd7 21. Qb3
b5 22. Be2 c4 23. Qf3 Nc7 24. Rd1 Re8 25. Bd4 f6 26. Bf1 Bf5 27. Ng3 Bc2 28.
Rd2 Bg6 29. Bf2 Bb4 30. Rd4 Rd8 31. axb5 axb5 32. b3 Bc5 33. Rd2 Bxf2+ 34. Rxf2
Qb4 35. bxc4 bxc4 36. f5 Bf7 37. Qf4 Nxd5 38. Qxc4 Qb8 39. Qd3 Rc8 40. Ne2 Qb4
41. Nd4 1/2-1/2

[Event "BL 8283 Bayern-Frankfurt"]
[Site "?"]
[Date "1983.??.??"]
[Round "?.7"]
[White "Steinbacher, M."]
[Black "Schubert, C."]
[Result "1/2-1/2"]
[WhiteElo "2265"]
[BlackElo "2255"]
[PlyCount "121"]
[EventDate "1983.??.??"]

1. b3 d5 2. e3 e5 3. Bb2 Nd7 4. c4 Ngf6 5. cxd5 Nxd5 6. Nc3 Nxc3 7. Bxc3 Bd6 8.
Qc2 Qe7 9. Ne2 Nf6 10. Ng3 Nd5 11. Bb2 Nb4 12. Qb1 O-O 13. a3 Nd5 14. Bd3 Nf6
15. O-O Be6 16. Nf5 Bxf5 17. Bxf5 Rad8 18. Qc2 Rfe8 19. d3 c6 20. Rfd1 g6 21.
Bh3 Bc7 22. Rac1 Bb6 23. b4 Rd5 24. g3 a6 25. Qb3 Red8 26. Bg2 R5d7 27. a4 Nd5
28. b5 cxb5 29. axb5 axb5 30. Qxb5 Qb4 31. Qxb4 Nxb4 32. Rb1 Nxd3 33. Bc3 Rc8
34. Ba1 Nc5 35. Bxe5 Rxd1+ 36. Rxd1 Rd8 37. Rb1 Ba5 38. Bd4 b6 39. Rb5 Rc8 40.
Bh3 f5 41. g4 fxg4 42. Bxg4 Rc7 43. Be5 Re7 44. Bd6 Re4 45. Bf3 Ra4 46. Bc7
Ra1+ 47. Kg2 Nd7 48. Bd5+ Kf8 49. Bd6+ Ke8 50. Bc6 Rd1 51. Re5+ Kd8 52. Re6 Rc1
53. Bf4 Rc2 54. e4 Bb4 55. h4 Bc5 56. Bg3 Rb2 57. h5 gxh5 58. Rh6 Bxf2 59. Bxf2
Ne5 60. Rf6 Ke7 61. Rf5 1/2-1/2

[Event "BL 8283 Bamberg-München 36"]
[Site "?"]
[Date "1983.??.??"]
[Round "?.1"]
[White "Unzicker, W."]
[Black "Backwinkel, P."]
[Result "1/2-1/2"]
[WhiteElo "2465"]
[BlackElo "2305"]
[PlyCount "98"]
[EventDate "1983.??.??"]

1. e4 c6 2. Nc3 d5 3. Nf3 dxe4 4. Nxe4 Nf6 5. Nxf6+ exf6 6. d4 Na6 7. Be2 Bd6
8. O-O Nc7 9. c4 O-O 10. Re1 Re8 11. h3 Bf5 12. Be3 h6 13. Bd3 Qd7 14. Bxf5
Qxf5 15. Nh4 Qe4 16. Qg4 g6 17. Qxe4 Rxe4 18. Nf3 h5 19. Bd2 f5 20. Bc3 f6 21.
Nd2 Rxe1+ 22. Rxe1 Kf7 23. Nb3 b6 24. Nc1 Rd8 25. Kf1 Ne6 26. Rd1 Be5 27. Ne2
g5 28. Rd2 Bb8 29. f3 g4 30. h4 Nf4 31. Nxf4 Bxf4 32. Rd3 Bc7 33. b3 f4 34. Rd2
Rd7 35. Rd3 f5 36. d5 cxd5 37. cxd5 Bd6 38. Ke2 Re7+ 39. Kd1 Re3 40. Kd2 Re8
41. Kd1 Ke7 42. Rd4 Kd7 43. Bd2 Be5 44. Ra4 a5 45. b4 axb4 46. Rxb4 Bc7 47.
Bxf4 Bxf4 48. Rxf4 Re5 49. Rb4 Rxd5+ 1/2-1/2

[Event "BL 8283 Bamberg-München 36"]
[Site "?"]
[Date "1983.??.??"]
[Round "?.2"]
[White "Kestler, H."]
[Black "Robatsch, K."]
[Result "1/2-1/2"]
[WhiteElo "2395"]
[BlackElo "2410"]
[PlyCount "141"]
[EventDate "1983.??.??"]

1. e4 c5 2. c3 d5 3. exd5 Qxd5 4. d4 Nf6 5. Nf3 e6 6. Be2 Nc6 7. O-O Be7 8. Be3
cxd4 9. Nxd4 Nxd4 10. Qxd4 e5 11. Qxd5 Nxd5 12. Bb5+ Kf8 13. Bd2 f6 14. Be2 Be6
15. c4 Nb4 16. Nc3 Kf7 17. Rac1 Rhd8 18. Be3 Nd3 19. Bxd3 Rxd3 20. Ne4 b6 21.
c5 f5 22. Nd6+ Bxd6 23. cxd6 f4 24. Rc7+ Kf6 25. Bc1 Rxd6 26. b3 Rd7 27. Rxd7
Bxd7 28. Bb2 Rc8 29. Re1 Rc5 30. f3 Rd5 31. Bc3 g5 32. Re2 Bb5 33. Rd2 Bd3 34.
Kf2 h5 35. b4 Kf5 36. Rd1 Rd7 37. a4 Rd5 38. a5 Ke6 39. axb6 axb6 40. g3 Kf5
41. gxf4 exf4 42. h3 Rd6 43. Rd2 Ke6 44. Rd1 Kf5 45. Rd2 g4 46. hxg4+ hxg4 47.
fxg4+ Kxg4 48. Be5 Rd7 49. Bb8 Kf5 50. Rd1 Kg4 51. Rg1+ Kf5 52. Rd1 b5 53. Rd2
Ke4 54. Rd1 f3 55. Rh1 Be2 56. Rh4+ Kd3 57. Be5 Rd5 58. Bf6 Rd6 59. Be7 Rg6 60.
Bc5 Rg2+ 61. Ke1 Kc3 62. Rf4 Rh2 63. Rf8 Kc2 64. Rf6 Bd1 65. Rc6 Re2+ 66. Kf1
Kc3 67. Rf6 Ra2 68. Ke1 Be2 69. Rf8 Ra1+ 70. Kf2 Rf1+ 71. Kg3 1/2-1/2

[Event "BL 8283 Bamberg-München 36"]
[Site "?"]
[Date "1983.??.??"]
[Round "?.3"]
[White "Bastian, H."]
[Black "Bartsch, B."]
[Result "1/2-1/2"]
[WhiteElo "2360"]
[BlackElo "2265"]
[PlyCount "88"]
[EventDate "1983.??.??"]

1. e4 c5 2. Nc3 Nc6 3. g3 g6 4. Bg2 Bg7 5. d3 d6 6. f4 e6 7. Nf3 Nge7 8. O-O
O-O 9. Be3 Nd4 10. Rb1 Rb8 11. Ne2 Nxf3+ 12. Bxf3 b6 13. c4 Bb7 14. a3 Nc6 15.
b4 Nd4 16. Nxd4 cxd4 17. Bd2 f5 18. exf5 gxf5 19. b5 Qd7 20. Bb4 Rbd8 21. Rb2
Rfe8 22. a4 Qc8 23. Bxb7 Qxb7 24. Qh5 Bf6 25. Bxd6 Qf7 26. Qxf7+ Kxf7 27. Bb4
h5 28. Re2 a6 29. Rfe1 axb5 30. axb5 Ra8 31. Bd6 Be7 32. Bxe7 Rxe7 33. Kf2 Ra3
34. Rd1 Rea7 35. Rc2 Rb3 36. Ke2 Ke7 37. Rdd2 Kd6 38. Ra2 Raa3 39. Rxa3 Rxa3
40. Rb2 Ra1 41. h3 Kc5 42. Rb3 Ra2+ 43. Kf1 Ra1+ 44. Kf2 Ra2+ 1/2-1/2

[Event "BL 8283 Bamberg-München 36"]
[Site "?"]
[Date "1983.??.??"]
[Round "?.6"]
[White "Schlaugat, M."]
[Black "Enigl, K."]
[Result "1/2-1/2"]
[WhiteElo "2235"]
[BlackElo "2230"]
[PlyCount "101"]
[EventDate "1983.??.??"]

1. d4 Nf6 2. Nf3 e6 3. Bf4 b6 4. e3 Bb7 5. Nbd2 Be7 6. h3 d6 7. Be2 Nbd7 8. O-O
O-O 9. c3 Re8 10. Qc2 Bf8 11. Rad1 Qe7 12. Rfe1 h6 13. Nc4 Ne4 14. Bd3 f5 15.
Ncd2 Nxd2 16. Nxd2 Qf6 17. Bh2 a6 18. e4 g6 19. b4 Bg7 20. Nc4 Rad8 21. Bxd6
fxe4 22. Bxc7 exd3 23. Rxd3 b5 24. Nd6 Bd5 25. a4 Bf8 26. Nxe8 Rxe8 27. Rg3 Kh7
28. h4 h5 29. Rg5 Rc8 30. Be5 Nxe5 31. dxe5 Qf7 32. axb5 axb5 33. Ra1 Ra8 34.
Rxa8 Bxa8 35. Qd3 Be7 36. Qxb5 Bxg5 37. hxg5 Qb7 38. Qxb7+ Bxb7 39. c4 Kg7 40.
f3 Kf7 41. Kf2 Ke7 42. Ke3 Kd7 43. g3 Kc7 44. f4 Bc8 45. Kd4 Kb6 46. Kc3 Kc6
47. Kd4 Bd7 48. Ke4 Kb6 49. Kd4 Kc6 50. Ke4 Bc8 51. Kd4 1/2-1/2

[Event "BL 8283 Erlangen-Bayern"]
[Site "?"]
[Date "1983.??.??"]
[Round "?.1"]
[White "Pfleger, He"]
[Black "Feustel, B."]
[Result "1-0"]
[WhiteElo "2505"]
[BlackElo "2360"]
[PlyCount "87"]
[EventDate "1983.??.??"]

1. d4 g6 2. e4 Bg7 3. Nf3 d6 4. Be2 Nd7 5. O-O e6 6. Nc3 Ne7 7. Re1 O-O 8. Bf1
b6 9. a4 a6 10. Be3 h6 11. Qd2 Kh7 12. Rad1 Bb7 13. h4 f5 14. Bf4 Nf6 15. e5
Ne4 16. Qd3 Qd7 17. Bc1 Rad8 18. exd6 Qxd6 19. Nxe4 fxe4 20. Rxe4 Bxe4 21. Qxe4
Qc6 22. Re1 Qxe4 23. Rxe4 Nf5 24. c3 Rf6 25. Bxa6 Nd6 26. Re1 Ra8 27. Bd3 Rxa4
28. h5 Nf5 29. g4 Ne7 30. Ne5 Kh8 31. hxg6 Nd5 32. g5 hxg5 33. Bxg5 Nf4 34.
Bxf6 Bxf6 35. Bb5 Ra2 36. Nd3 Nxg6 37. Rxe6 Kg7 38. Kg2 Ra1 39. Re1 Ra5 40. Bc6
Rg5+ 41. Kf1 Ne7 42. Be4 Nc8 43. Nf4 Rb5 44. b4 1-0

[Event "BL 8283 Erlangen-Bayern"]
[Site "?"]
[Date "1983.??.??"]
[Round "?.2"]
[White "Heidrich, M."]
[Black "Kindermann, S."]
[Result "0-1"]
[WhiteElo "2225"]
[BlackElo "2465"]
[PlyCount "134"]
[EventDate "1983.??.??"]

1. e4 c5 2. Nf3 e6 3. c3 d5 4. exd5 Qxd5 5. d4 Nf6 6. Bd3 Be7 7. O-O O-O 8. Qe2
cxd4 9. cxd4 Nc6 10. Rd1 Nb4 11. Nc3 Qd8 12. Bc4 b6 13. Ne5 Bb7 14. Bg5 Rc8 15.
Rac1 Nbd5 16. Rd3 Nxc3 17. bxc3 Nd5 18. Bxe7 Qxe7 19. Rg3 f6 20. Ng4 Nf4 21.
Qf1 Qd6 22. Ne3 Kh8 23. Qd1 Rc7 24. Bf1 Rfc8 25. Qb3 Be4 26. Nc4 Rxc4 27. Bxc4
Bd5 28. Bxd5 Ne2+ 29. Kh1 Nxc1 30. Qc2 Qxd5 31. Qxc1 Qxd4 32. Re3 Qd5 33. Qc2
Rd8 34. h3 e5 35. c4 Qd1+ 36. Qxd1 Rxd1+ 37. Kh2 Kg8 38. Ra3 Rd7 39. Ra6 Kf7
40. a4 Ke7 41. a5 Rb7 42. axb6 axb6 43. Ra8 Kd6 44. Rc8 Rc7 45. Rb8 Kc5 46. h4
g6 47. g3 f5 48. Kg2 Rc6 49. h5 Kxc4 50. Rb7 gxh5 51. Rxh7 e4 52. Kf1 b5 53.
Ke2 Rd6 54. Rxh5 Rd5 55. g4 fxg4 56. Rh4 b4 57. Rxg4 Rd4 58. Ke3 Kc3 59. f4 b3
60. Rg1 b2 61. f5 Rb4 62. f6 Kc2 63. Rg2+ Kb3 64. f7 b1=Q 65. f8=Q Qe1+ 66. Re2
Qg3+ 67. Kd2 Rd4+ 0-1

[Event "BL 8283 Erlangen-Bayern"]
[Site "?"]
[Date "1983.??.??"]
[Round "?.5"]
[White "Saacke, B."]
[Black "Roeder, F."]
[Result "1/2-1/2"]
[WhiteElo "2380"]
[BlackElo "2275"]
[PlyCount "44"]
[EventDate "1983.??.??"]

1. d4 Nf6 2. Nf3 d5 3. c4 c6 4. e3 Bf5 5. Bd3 Bxd3 6. Qxd3 e6 7. O-O Nbd7 8.
Nbd2 Be7 9. b3 O-O 10. Bb2 Qa5 11. a3 b5 12. Bc3 Qb6 13. a4 a6 14. Ra2 Qb7 15.
Rfa1 dxc4 16. bxc4 b4 17. Bb2 c5 18. Rd1 Rfd8 19. Raa1 Rac8 20. Qb3 a5 21. Rac1
Qc6 22. Ra1 Qb7 1/2-1/2

[Event "BL 8283 Erlangen-Bayern"]
[Site "?"]
[Date "1983.??.??"]
[Round "?.6"]
[White "Tischer, G."]
[Black "Schubert, C."]
[Result "1/2-1/2"]
[WhiteElo "2275"]
[BlackElo "2255"]
[PlyCount "141"]
[EventDate "1983.??.??"]

1. d4 Nf6 2. c4 e6 3. Nf3 c5 4. Nc3 cxd4 5. Nxd4 a6 6. e4 Bb4 7. Bd3 Nc6 8.
Nxc6 dxc6 9. O-O e5 10. h3 O-O 11. Be3 Nd7 12. Qc2 Bc5 13. Rfe1 Bxe3 14. Rxe3
Nc5 15. Ne2 a5 16. Qc3 Qc7 17. Rd1 b6 18. Bc2 Ba6 19. Ng3 g6 20. Ree1 Rad8 21.
b3 Ne6 22. Ne2 Bb7 23. Rxd8 Rxd8 24. Rd1 Rxd1+ 25. Bxd1 Qd6 26. Bc2 c5 27. Qd3
Nd4 28. Nc3 Qd8 29. Bd1 Qg5 30. Qe3 Qd8 31. Qd3 Qa8 32. Qe3 Bc6 33. h4 Qd8 34.
h5 Ne6 35. hxg6 hxg6 36. Nd5 Nf4 37. g3 Ne6 38. Bf3 Kg7 39. Bg2 Nd4 40. f4 Bxd5
41. cxd5 Qf6 42. Kh2 b5 43. Bf1 exf4 44. gxf4 g5 45. Kg3 Qe7 46. Bg2 gxf4+ 47.
Qxf4 f6 48. d6 Qd7 49. Kh2 Qe6 50. Bh3 Qe5 51. Qxe5 fxe5 52. Kg3 Kf6 53. Kf2 b4
54. Bd7 Ne6 55. Ke3 Nd8 56. Kd3 Nf7 57. Kc4 Nxd6+ 58. Kd5 Nf7 59. Kxc5 Ng5 60.
Bc6 Ke7 61. Kb5 Kd6 62. Bd5 Nf3 63. Kxa5 Kc5 64. Ka4 Nd4 65. a3 Nc2 66. axb4+
Nxb4 67. Be6 Nc6 68. Bg4 Nb4 69. Bf3 Nc6 70. Bh5 Nb4 71. Bd1 1/2-1/2

[Event "BL 8283 Erlangen-Bayern"]
[Site "?"]
[Date "1983.??.??"]
[Round "?.7"]
[White "Leitner, M."]
[Black "Stoll, J."]
[Result "1-0"]
[WhiteElo "2250"]
[BlackElo "2225"]
[PlyCount "55"]
[EventDate "1983.??.??"]

1. c4 c5 2. Nc3 Nf6 3. g3 d5 4. cxd5 Nxd5 5. Bg2 Nc7 6. Qb3 Nd7 7. Nf3 e5 8.
O-O Be7 9. d3 O-O 10. Nd5 Nxd5 11. Qxd5 Qc7 12. Bd2 Qd6 13. Qb3 Nb8 14. Bc3 Nc6
15. e3 Rb8 16. Nd2 Qxd3 17. Bxc6 Be6 18. Be4 Qxf1+ 19. Kxf1 Bxb3 20. axb3 Bf6
21. Bd5 a6 22. e4 Rfe8 23. Nf3 Re7 24. g4 g6 25. g5 Bg7 26. h4 Rbe8 27. Ra5 Rc8
28. Ne1 1-0

[Event "BL 8283 München 36-Erlangen"]
[Site "?"]
[Date "1983.??.??"]
[Round "?.1"]
[White "Feustel, B."]
[Black "Unzicker, W."]
[Result "0-1"]
[WhiteElo "2360"]
[BlackElo "2465"]
[PlyCount "76"]
[EventDate "1983.??.??"]

1. Nf3 Nf6 2. c4 c5 3. g3 d5 4. b3 Nc6 5. Bg2 d4 6. d3 e5 7. O-O Be7 8. Na3 O-O
9. Nc2 Ne8 10. a3 a5 11. Rb1 Bf5 12. b4 axb4 13. axb4 cxb4 14. Bd2 e4 15. Nfe1
Nf6 16. Nxb4 Bxb4 17. Bxb4 Re8 18. Bd2 Qc8 19. Bg5 Nd7 20. Rb5 exd3 21. exd3
Nde5 22. Bf4 Ng6 23. Bd6 Bg4 24. Bf3 h5 25. Nc2 Nge5 26. Bxe5 Nxe5 27. Bxg4
hxg4 28. Nxd4 Ra3 29. Qb1 Nxd3 30. Nc2 Rc3 31. Ne3 Nxf2 32. Rxf2 Rcxe3 33. Qc2
Re1+ 34. Kg2 Qc6+ 35. Rd5 R1e4 36. Kg1 b5 37. Rf4 Re1+ 38. Kf2 Qe6 0-1

[Event "BL 8283 München 36-Erlangen"]
[Site "?"]
[Date "1983.??.??"]
[Round "?.2"]
[White "Robatsch, K."]
[Black "Heidrich, M."]
[Result "1-0"]
[WhiteElo "2410"]
[BlackElo "2225"]
[PlyCount "125"]
[EventDate "1983.??.??"]

1. Nf3 d5 2. c4 c6 3. d4 Nf6 4. cxd5 cxd5 5. Nc3 Nc6 6. Bf4 Bf5 7. e3 e6 8. Ne5
Nd7 9. Bb5 Ndxe5 10. Bxe5 f6 11. Bg3 Be7 12. O-O Rc8 13. Rc1 O-O 14. Na4 Qa5
15. Bxc6 Rxc6 16. Rxc6 bxc6 17. Qb3 Qb5 18. Nc5 Bxc5 19. Qxb5 cxb5 20. dxc5 Rc8
21. Rc1 Kf7 22. c6 Ke7 23. f3 e5 24. Be1 Bd7 25. Bb4+ Ke6 26. c7 Be8 27. Kf2
Kd7 28. Ba5 Kd6 29. Ke2 Bc6 30. Kd3 Kd7 31. Kc3 Kd6 32. Kd3 Be8 33. Bb4+ Kd7
34. Ba5 Kd6 35. g4 Bd7 36. Bb4+ Ke6 37. f4 Be8 38. h3 Kd7 39. Ba5 Bg6+ 40. f5
Be8 41. h4 Ke7 42. g5 Bd7 43. e4 dxe4+ 44. Kxe4 Kf7 45. Rd1 Ke7 46. Bb4+ Ke8
47. Rc1 Kf7 48. Ba5 Ke7 49. Rc3 Kf7 50. Bb4 Ke8 51. Bd6 Kf7 52. Bb4 Ke8 53. a3
Ra8 54. Ba5 Ke7 55. b3 Rc8 56. Rc1 Kf7 57. Rd1 Ke7 58. gxf6+ gxf6 59. Bb4+ Ke8
60. Rd6 Rxc7 61. Rxf6 Bc6+ 62. Kxe5 Bf3 63. Ke6 1-0